000 00301nam a2200133Ia 4500
008 200103s9999||||xx |||||||||||||| ||und||
040 _aIMU-MPC
082 _aColumn-63
100 _aMcCormack, Mark H.
245 4 _aThe 110% Solution
260 _bRupa Company
_c1993
300 _a203
942 _cBK
999 _c11241
_d11241